Patient power : (Record no. 7650)

MARC details
000 -LEADER
fixed length control field 00897nam a22002537a 4500
003 - CONTROL NUMBER IDENTIFIER
control field OSt
005 - DATE AND TIME OF LATEST TRANSACTION
control field 20220124113220.0
008 - FIXED-LENGTH DATA ELEMENTS--GENERAL INFORMATION
fixed length control field 220124b ||||| |||| 00| 0 eng d
020 ## - INTERNATIONAL STANDARD BOOK NUMBER
International Standard Book Number 1882577108
040 ## - CATALOGING SOURCE
Transcribing agency NLM
082 ## - DEWEY DECIMAL CLASSIFICATION NUMBER
Classification number W85 G591 1994
100 ## - MAIN ENTRY--PERSONAL NAME
Personal name Goodman, John C.: Gerald L. Musgrave
9 (RLIN) 15644
245 ## - TITLE STATEMENT
Title Patient power :
Remainder of title The Free-Enterprise Alternative to Clinton's Health Plan
260 ## - PUBLICATION, DISTRIBUTION, ETC. (IMPRINT)
Place of publication, distribution, etc. Washington, D.C. :
Name of publisher, distributor, etc. Cato Institute;
Date of publication, distribution, etc. ©1994
300 ## - PHYSICAL DESCRIPTION
Extent xiii, 134 pages :
Other physical details illustrations ;
Dimensions 18 cm
504 ## - BIBLIOGRAPHY, ETC. NOTE
Bibliography, etc Includes bibliographical references
650 ## - SUBJECT ADDED ENTRY--TOPICAL TERM
Topical term or geographic name as entry element Medical policy -- United States.
9 (RLIN) 15640
650 ## - SUBJECT ADDED ENTRY--TOPICAL TERM
Topical term or geographic name as entry element Insurance, Health.
9 (RLIN) 15645
650 ## - SUBJECT ADDED ENTRY--TOPICAL TERM
Topical term or geographic name as entry element Public Policy.
9 (RLIN) 5858
650 ## - SUBJECT ADDED ENTRY--TOPICAL TERM
Topical term or geographic name as entry element Medical care, Cost of -- United States.
9 (RLIN) 15646
650 ## - SUBJECT ADDED ENTRY--TOPICAL TERM
Topical term or geographic name as entry element Delivery of Health Care.
9 (RLIN) 2189
650 ## - SUBJECT ADDED ENTRY--TOPICAL TERM
Topical term or geographic name as entry element Medical care -- United States -- Cost control.
9 (RLIN) 15647
942 ## - ADDED ENTRY ELEMENTS (KOHA)
Source of classification or shelving scheme Other/Generic Classification Scheme
Koha item type Book Bank
Holdings
Withdrawn status Lost status Source of classification or shelving scheme Damaged status Not for loan Home library Current library Date acquired Source of acquisition Inventory number Total Checkouts Full call number Barcode Date last seen Price effective from Koha item type
    Other/Generic Classification Scheme     MUST Main Library MUST Main Library 24/01/2022 Purchase 14/38728   W85 G591 1994 2022-0102 24/01/2022 24/01/2022 Book Bank